Normal view
MARC view
- Moskovskiǐ dom naucho-teknicheskoǐ propagandy imeni F.Ė. Dzerzhinskogo
Entry Corporate Name
001 - CONTROL NUMBER
- control field: 45066
003 - CONTROL NUMBER IDENTIFIER
- control field: NUST
005 - DATE AND TIME OF LATEST TRANSACTION
- control field: 20210314133139.0
008 - FIXED-LENGTH DATA ELEMENTS
- fixed length control field: 210314|| aca||aabn | a|a d
040 ## - CATALOGING SOURCE
- Original cataloging agency: NUST
- Transcribing agency: NUST
110 ## - HEADING--CORPORATE NAME
- Corporate name or jurisdiction name as entry element: Moskovskiǐ dom naucho-teknicheskoǐ propagandy imeni F.Ė. Dzerzhinskogo
670 ## - SOURCE DATA FOUND
- Source citation: Work cat.: (NUST): Averkin, V. A 45065, Electrodeposition of alloys., 1964.
